|
|
|
|
| LEADER |
01450nab#a2200349#ar4500 |
| 001 |
000068913 |
| 003 |
SVKKK |
| 005 |
19991201xxxxxxx. |
| 008 |
06 c xo huno |
| FMT |
|
|
|
| 038 |
|
|
|a SVKKK
|
| 040 |
|
|
|a SVKKK
|b slo
|e AACR2
|
| 041 |
0 |
|
|a hun
|
| 044 |
|
|
|a xo
|c SK
|
| 080 |
|
|
|a 392
|
| 080 |
|
|
|a 4284.1(Gemer):257
|
| 080 |
|
|
|a 685-051
|
| 242 |
1 |
0 |
|a Zásnuby
|
| 245 |
0 |
0 |
|a Eljegyzés
|
| 520 |
2 |
|
|a Správy o zásnubách Ladislava (László) Morgenta, čižmárskeho majstra pôsobiaceho v Rožňave, s Júliou Demeter v júli 1914. Táto bola dcérou vdovy Demeter Samuelné. Bývalý profesor Evanjelického a.v. gymnázia v Rožňave - Ľudovít (Lajos) Lenkey sa zasnúbil v júli 1914 v meste Pápa (MR) s Valériou Lampeert. V tomto období už pôsobil na tunajšom gymnáziu ako profesor.
|
| 650 |
0 |
4 |
|a Lenkey, Ľudovít (profesor gymnaziálny, snúbenec) - Evanjelické a.v. gymnázium, Rožňava - pôsobenie predchádzajúce - Pápa (MR) - júl 1914 - Lampeert, Valéria (snúbenica) - oznamy
|
| 650 |
0 |
4 |
|a zásnuby - Morgent, Ladislav (majster čižmársky, snúbenec) - Rožňava - pôsobenie - júl 1914 - Demeter, Júlia (snúbenica)
|
| 773 |
0 |
|
|t Sajó-Vidék : Vegyestartalmú hetilap
|g Roč. 17, č. 28 (09.07.1914) s. 2
|
| 957 |
|
|
|a Pápa (MR)
|
| 957 |
|
|
|a Rožňava
|
| 958 |
|
|
|a CI
|
| 958 |
|
|
|a DG
|
| 958 |
|
|
|a SK
|
| 974 |
|
|
|a ebl
|d 19991201
|
| 992 |
|
|
|a RBX
|
| BAS |
|
|
|
| 998 |
|
|
|a RETRO
|